000 02096cam a22002651i 4500
003 SA-RiAUC
005 20251003114825.0
008 251003s1970 ua g 000 e ara c
040 _aSD-OmOIU
_bara
_cSA-RiAUC.
_erda
082 0 4 _a814.962
_qSA-RiAUC
090 _a814.962
_bم ص ط
100 1 _aمصطفى صادق الرافعي، مصطفى صادق بن عبد الرزاق بن سعيد،
_d1881-1937
_eمؤلف.
245 1 0 _aوحي القلم /
_cمصطفى صادق الرافعي.
250 _aالطبعة السادسة.
264 1 _aالقاهرة :
_bالمكتبة التجارية الكبرى،
_c1970.
300 _a3 مجلد ؛
_c24 سم
336 _aنص
_btxt
_2rdacontent
_3كتاب
337 _aبدون وسيط
_bn
_2rdamedia
338 _aمجلد
_bnc
_2rdacarrier
650 7 _aالأدب العربي
_zمصر
_yقرن 20
_vمقالات ومحاضرات
_2aucsh
856 _uhttp://saaid.net/book/open.php?cat=90&book=5000
_yExternal Link
_2 نرجو الانتباه لإمكانية وجود اختلاف في الطبعة أو الناشر بين البيانات على البوابة وما ستجده على الكتاب نظرا لمحدودية المعلومات المتاحة على الموقع الناشر للمادة.
_3Please note that there may be a difference in the edition or publisher between the data on the portal and the book due to the limited information available on the publisher website for the material.
856 _uhttp://saaid.net/book/11/3672.rar
_yDigital Copy
_2 نرجو الانتباه لإمكانية وجود اختلاف في الطبعة أو الناشر بين البيانات على البوابة وما ستجده على الكتاب نظرا لمحدودية المعلومات المتاحة على الموقع الناشر للمادة.
_3Please note that there may be a difference in the edition or publisher between the data on the portal and the book due to the limited information available on the publisher website for the material.
942 _2ddc
_cBOOK
949 _aSA-JeALM
_d251003
_ukhaled123
_n1
999 _c12341
_d12341